000 00601nam a2200205Ia 4500
005 20250508161713.0
008 008 250505s9999 xx 000 0 eng d
020 _a0-8114-3897-X
037 _aTextual
040 _aFEDL
_beng
_cFEDL
041 _aeng
_2eng
084 _a994, JOS
_qFEDL
100 _aJoseph and Jones Johanna
_9771403
245 0 _aAuthors and areas of Australia
260 _aAustin
_bSteck-Vaughn Company
_c1970
300 _axiv,82p.
546 _aPeople and places in world-english literature No. 3
942 _cTEXL
_h994, JOS
999 _c1371634
_d1371634